000 00316 a2200145 4500
001 75659
020 _a978-85-7827-966-0
040 _cAnchieta - Colégio São Paulo
240 1 0 _aPulga e Espeto
_lpor
245 1 0 _aPulga e Espeto
300 _a128
362 0 _a2017
650 4 _aLiteratura juvenil
942 _cBK
999 _c75659
_d75659